00433nam a2200157Ia 4500003000400000005001700004008004100021020001800062040000900080082001700089100002000106245008000126260004900206300000800255650001200263OSt20201021121440.0190216s9999||||xx |||||||||||||| ||und|| a9780195623727 coclc a822.1bKAR/T aKarnad, Girish  0aThree Modern Indian Plays /cGirish Karnad ; Badal Sircar ; Vijay Tendulkar bOxford University Press ,c2011.aNew Delhi: a78p aEnglish